|
|
|
|
| LEADER |
00000nab a2200000 a 4500 |
| 001 |
vtls008698225 |
| 003 |
SK-MaSNL |
| 005 |
20260426083340.0 |
| 008 |
250505c2006 xo zr|p|||||||000 b|slo |
| 015 |
|
|
|a SNBRB2006/05
|2 snkbucl
|
| 035 |
|
|
|a (uuid)17da9ac9-1b16-46c1-8f5f-cc456b9bca9b
|
| 035 |
|
|
|a urn:nbn:sk:snk-abx4u
|
| 035 |
|
|
|a (urnnbn)urn:nbn:sk:snk:ar-a043yy
|
| 038 |
|
|
|a SNKBUCL
|
| 040 |
|
|
|a SNKBUCL
|b slo
|c SNKBUCL
|e AACR2
|
| 041 |
0 |
|
|a slo
|
| 044 |
|
|
|a xo
|c SK
|
| 080 |
|
|
|a 796.524
|x (437.6)
|2 1997
|
| 100 |
1 |
|
|a Koller, Igor,
|d 1952-
|4 aut
|9 103581
|
| 245 |
1 |
0 |
|a Triumf z veľkých hôr
|c Igor Koller
|
| 300 |
|
|
|b Fotogr.
|
| 648 |
|
7 |
|a 2005
|2 snkbucl
|9 305506
|
| 650 |
0 |
7 |
|a horolezectvo
|2 snkbucl
|9 1050
|
| 651 |
|
7 |
|a Slovensko
|2 snkbucl
|9 14231
|
| 773 |
0 |
|
|t Jamesák
|g Roč. XXXVIII, č. 1 (2006), s. 8-11
|x 1335-3896
|
| 850 |
|
|
|a Slovenská národná knižnica
|
| 852 |
|
|
|a Slovenská národná knižnica
|
| 954 |
|
|
|a odborná, vedecká literatúra pôvodná (slovenská)
|2 lita
|
| 958 |
|
|
|a article27
|
| 958 |
|
|
|a OND
|
| 958 |
|
|
|a SK
|
| 958 |
|
|
|a EUIPO
|
| 999 |
|
|
|c 2903045
|d 2904975
|